2868-箕面市(大阪府)の駅 - Statistics

General Stats
  • This quiz has been taken 53 times
  • The average score is 4 of 5
Answer Stats
Answer % Correct
箕面
100%
箕面萱野
89%
牧落
83%
箕面船場阪大前
83%
桜井
74%
No matching quizzes found
Score Distribution
Percent of People with Each Score
Percentile by Number Answered
Your Score History
You have not taken this quiz